[Event "Philadelphia Open 2015"]
[Site "Philadelphia"]
[Date "2015.04.04"]
[Round "7.4"]
[White "Ghaem Maghami, Ehsan"]
[Black "Homa, Seth"]
[Result "1/2-1/2"]
[WhiteElo "2562"]
[BlackElo "2367"]
[PlyCount "107"]
[EventDate "2015.04.??"]
[EventType "swiss"]
[EventRounds "9"]
[EventCountry "USA"]
[WhiteClock "0:03:37"]
[BlackClock "0:16:17"]

1. c4 e5 2. Nc3 Nf6 3. Nf3 Nc6 4. d3 d5 5. cxd5 Nxd5 6. e3 Be7 7. Be2 O-O 8.
O-O Be6 9. a3 a5 10. Qc2 Nb6 11. b3 f6 12. Bb2 Qe8 13. Rfe1 Qf7 14. Nd2 Rfd8
15. Rac1 Bf8 16. Nce4 Kh8 17. h3 Qg6 18. Ng3 Qf7 19. Nge4 Qg6 20. Kh1 Bd5 21.
Ng3 Qf7 22. Kg1 Be6 23. Red1 Nd5 24. Bh5 Qd7 25. Nge4 Nb6 26. Be2 Qf7 27. Ng3
Qd7 28. Nc4 Nd5 29. Bf3 Qf7 30. Bh5 Qd7 31. Bf3 Qf7 32. Bh5 Qd7 33. Be2 Qf7 34.
Bf3 Rac8 35. Bh5 Qd7 36. Be2 Ra8 37. Kh2 Rac8 38. Kg1 Ra8 39. Nd2 Nb6 40. Kh1
Qf7 41. Nge4 Bd5 42. Kg1 Qg6 43. Ng3 Qf7 44. Bh5 Qd7 45. Bf3 Bxf3 46. Nxf3 Qf7
47. d4 exd4 48. Nxd4 Nxd4 49. Bxd4 Nd5 50. Bb2 c6 51. Rd4 Nc7 52. Ne2 Rxd4 53.
Nxd4 Na6 54. Rd1 1/2-1/2

[Event "Philadelphia Open 2015"]
[Site "Philadelphia"]
[Date "2015.04.04"]
[Round "7.5"]
[White "Margvelashvili, Giorgi"]
[Black "Wang, Qibiao"]
[Result "1-0"]
[WhiteElo "2539"]
[BlackElo "2206"]
[PlyCount "77"]
[EventDate "2015.04.??"]
[EventType "swiss"]
[EventRounds "9"]
[EventCountry "USA"]

1. d4 Nf6 2. c4 g6 3. Nc3 Bg7 4. e4 d6 5. Nf3 O-O 6. h3 e5 7. d5 Nh5 8. Nh2 Qe8
9. Be2 Nf4 10. Bf3 f5 11. g3 Nxh3 12. Bg2 f4 13. Nf3 g5 14. Bxh3 g4 15. Bg2
fxg3 16. Nh4 gxf2+ 17. Kf1 h5 18. Be3 Nd7 19. Ne2 Nf6 20. Ng3 b5 21. c5 b4 22.
Bxf2 Bh6 23. Kg1 dxc5 24. Nhf5 Bxf5 25. Nxf5 Bf4 26. Bxc5 Qb5 27. Rc1 Rf7 28.
Rc2 b3 29. axb3 Qxb3 30. Qe2 Rb8 31. Bf1 Qa2 32. b4 Qb1 33. Kg2 Rxb4 34. Bxb4
Qxb4 35. Qc4 Qa3 36. Bd3 a5 37. d6 cxd6 38. Qe6 Qxd3 39. Rc8+ 1-0

[Event "Philadelphia Open 2015"]
[Site "Philadelphia"]
[Date "2015.04.04"]
[Round "7.6"]
[White "Katz, Alexander"]
[Black "Chirila, Ioan Cristian"]
[Result "0-1"]
[WhiteElo "2265"]
[BlackElo "2537"]
[PlyCount "70"]
[EventDate "2015.04.??"]
[EventType "swiss"]
[EventRounds "9"]
[EventCountry "USA"]

1. e4 e5 2. Nf3 Nc6 3. Bc4 Nf6 4. d3 Bc5 5. c3 a6 6. Bb3 d6 7. O-O Ba7 8. Nbd2
h6 9. Re1 O-O 10. Nf1 Be6 11. Ng3 Qd7 12. Bc2 d5 13. exd5 Bxd5 14. Nxe5 Nxe5
15. Rxe5 Bxf2+ 16. Kxf2 Ng4+ 17. Qxg4 Qxg4 18. Rxd5 f5 19. Rd4 f4 20. Kg1 c5
21. Re4 Rae8 22. Bd2 Rxe4 23. Nxe4 f3 24. Ng3 f2+ 25. Kh1 h5 26. Bb3+ Kh8 27.
Bd5 h4 28. Nf1 b5 29. h3 Qe2 30. d4 cxd4 31. cxd4 Re8 32. g3 Rd8 33. Bb7 Rxd4
34. Bc3 Rd3 35. Rc1 Rxc3 0-1

[Event "Philadelphia Open 2015"]
[Site "Philadelphia"]
[Date "2015.04.04"]
[Round "7.7"]
[White "Wu, Christopher"]
[Black "Xiong, Jeffery"]
[Result "0-1"]
[WhiteElo "2259"]
[BlackElo "2482"]
[PlyCount "78"]
[EventDate "2015.04.??"]
[EventType "swiss"]
[EventRounds "9"]
[EventCountry "USA"]

1. e4 c5 2. Nf3 d6 3. Bb5+ Nd7 4. d4 Ngf6 5. Nc3 cxd4 6. Qxd4 e5 7. Qd3 h6 8.
Be3 a6 9. Bc4 Be7 10. a4 Nb6 11. Ba2 Be6 12. a5 Nbd7 13. O-O Rc8 14. Nd2 Qc7
15. Rfc1 Nc5 16. Bxc5 Qxc5 17. Bxe6 fxe6 18. Ra4 O-O 19. Qh3 Ng4 20. Qxg4 Qxf2+
21. Kh1 Bg5 22. Qxe6+ Kh7 23. Raa1 Bxd2 24. Rg1 Bxc3 25. bxc3 Qxc2 26. Qxd6
Qxe4 27. Rae1 Qf4 28. Qd5 Rxc3 29. Qxb7 Rf6 30. Qb1+ Rg6 31. Ref1 Qg4 32. Qb8
e4 33. Qe5 Re3 34. h3 Qe6 35. Qb8 Reg3 36. Kh2 Rb3 37. Qa8 Rgg3 38. Rf3 Rbxf3
39. gxf3 Qxh3# 0-1

[Event "Philadelphia Open 2015"]
[Site "Philadelphia"]
[Date "2015.04.04"]
[Round "7.8"]
[White "Gurevich, Daniel"]
[Black "Ortiz Suarez, Isam Reynaldo"]
[Result "0-1"]
[WhiteElo "2373"]
[BlackElo "2612"]
[PlyCount "96"]
[EventDate "2015.04.??"]
[EventType "swiss"]
[EventRounds "9"]
[EventCountry "USA"]

1. e4 c5 2. Nf3 d6 3. d4 cxd4 4. Nxd4 Nf6 5. Nc3 a6 6. h3 e6 7. g4 Be7 8. Bg2
Nfd7 9. Be3 Nc6 10. Qe2 O-O 11. O-O-O Nxd4 12. Bxd4 b5 13. e5 d5 14. Qe3 b4 15.
Ne2 a5 16. Kb1 Ba6 17. Nc1 Qc7 18. h4 Rfc8 19. Rd2 a4 20. f4 Nc5 21. f5 Bf8 22.
h5 b3 23. cxb3 axb3 24. a3 Bb5 25. g5 exf5 26. Bxd5 Bc6 27. Bxc5 Bxd5 28. Rxd5
Bxc5 29. Qd3 Be7 30. Nxb3 Bxg5 31. Qxf5 h6 32. Nc5 Kh8 33. e6 Bf6 34. Rc1 fxe6
35. Qxe6 Rcb8 36. Rd2 Qa5 37. Nb3 Qxh5 38. Rdc2 Qg6 39. Ka2 Kh7 40. Rc8 Rxc8
41. Rxc8 Rxc8 42. Qxc8 h5 43. a4 Qe4 44. Qd7 Qe5 45. Qd3+ g6 46. Qc2 h4 47. a5
h3 48. Qd2 Qxb2+ 0-1

[Event "Philadelphia Open 2015"]
[Site "Philadelphia"]
[Date "2015.04.04"]
[Round "7.9"]
[White "Tang, Andrew"]
[Black "Zierk, Steven"]
[Result "1/2-1/2"]
[WhiteElo "2326"]
[BlackElo "2485"]
[PlyCount "124"]
[EventDate "2015.04.??"]
[EventType "swiss"]
[EventRounds "9"]
[EventCountry "USA"]

1. d4 d5 2. c4 c6 3. Nf3 Nf6 4. e3 Bf5 5. Nc3 a6 6. Nh4 Bc8 7. Qc2 e6 8. Nf3
Nbd7 9. b3 b6 10. Bd3 Bb7 11. O-O Bd6 12. e4 dxe4 13. Nxe4 Nxe4 14. Bxe4 Nf6
15. Bg5 h6 16. Bxf6 Qxf6 17. c5 bxc5 18. dxc5 Bc7 19. Rad1 Rd8 20. Rxd8+ Qxd8
21. Rd1 Qc8 22. Nd2 O-O 23. Nc4 Rd8 24. b4 Kf8 25. a4 Ke7 26. g3 Rxd1+ 27. Qxd1
Qd8 28. Qa1 f6 29. Kf1 e5 30. Kg2 g6 31. Qc3 f5 32. Bf3 Kf6 33. Ne3 Qd4 34. Qb3
e4 35. Be2 Kg7 36. Qe6 Qf6 37. Qd7+ Qf7 38. Qd2 Bc8 39. Nc4 Qd5 40. Qc3+ Kh7
41. Nb6 Bxb6 42. cxb6 Qd6 43. Kf1 g5 44. Ke1 Kg6 45. h4 Qf6 46. h5+ Kg7 47. Kd2
f4 48. gxf4 gxf4 49. f3 e3+ 50. Kc2 Kf7 51. Qxf6+ Kxf6 52. Kd3 Ke5 53. Kc4 Kd6
54. Kd4 Bb7 55. a5 c5+ 56. bxc5+ Ke6 57. Bd3 Kd7 58. Be2 Ke6 59. Kc3 Kd5 60.
Bd3 Kxc5 61. Be4 Kb5 62. Bxb7 Kxa5 1/2-1/2

[Event "Philadelphia Open 2015"]
[Site "Philadelphia"]
[Date "2015.04.04"]
[Round "7.10"]
[White "Sorkin, Igor"]
[Black "Mulyar, Michael A"]
[Result "1/2-1/2"]
[WhiteElo "2325"]
[BlackElo "2412"]
[PlyCount "33"]
[EventDate "2015.04.??"]
[EventType "swiss"]
[EventRounds "9"]
[EventCountry "USA"]

1. c4 e5 2. g3 Nc6 3. Bg2 g6 4. Nc3 Bg7 5. e3 f5 6. d3 Nf6 7. Nge2 O-O 8. Rb1
a5 9. a3 Ne7 10. O-O c6 11. f4 d6 12. h3 Be6 13. b4 axb4 14. axb4 Nd7 15. Kh2
Qc7 16. Bb2 Bf7 17. Qd2 1/2-1/2

[Event "Philadelphia Open 2015"]
[Site "Philadelphia"]
[Date "2015.04.04"]
[Round "7.12"]
[White "Chevannes, Sabrina"]
[Black "Shetty, Atulya"]
[Result "0-1"]
[WhiteElo "2192"]
[BlackElo "2342"]
[PlyCount "104"]
[EventDate "2015.04.??"]
[EventType "swiss"]
[EventRounds "9"]
[EventCountry "USA"]

1. d4 d5 2. Bg5 c6 3. e3 Qb6 4. Qc1 Bf5 5. Nf3 Nd7 6. c4 Ngf6 7. Nc3 e6 8. c5
Qd8 9. Nh4 h6 10. Bxf6 Qxf6 11. Nxf5 Qxf5 12. Be2 e5 13. O-O g6 14. f4 exd4 15.
exd4 Bg7 16. Qe3+ Kf8 17. Rad1 Re8 18. Qf2 Kg8 19. Bd3 Qf6 20. Bc2 Kh7 21. f5
g5 22. Ne2 h5 23. Rd3 h4 24. Re3 Rxe3 25. Qxe3 Rb8 26. g3 hxg3 27. Nxg3 Kg8 28.
Rd1 Kf8 29. Nh5 Qh6 30. Nxg7 Kxg7 31. Rd2 Nf6 32. Rg2 g4 33. Qxh6+ Kxh6 34. Re2
Re8 35. Re5 Kg5 36. b4 Kf4 37. Rxe8 Nxe8 38. Kf2 f6 39. Bd3 Ng7 40. b5 cxb5 41.
Bxb5 Nxf5 42. c6 bxc6 43. Bxc6 Ne7 44. Ba4 Ke4 45. Kg3 f5 46. Bd7 Kxd4 47. Kf4
Kc3 48. Ke5 d4 49. Kf6 d3 50. Kxe7 d2 51. Ba4 f4 52. Bd1 g3 0-1

[Event "Philadelphia Open 2015"]
[Site "Philadelphia"]
[Date "2015.04.04"]
[Round "7.13"]
[White "Smith, Bryan"]
[Black "Liang, Awonder"]
[Result "1-0"]
[WhiteElo "2482"]
[BlackElo "2293"]
[PlyCount "97"]
[EventDate "2015.04.??"]
[EventType "swiss"]
[EventRounds "9"]
[EventCountry "USA"]

1. e4 c5 2. Nc3 d6 3. Nf3 Nf6 4. d4 cxd4 5. Nxd4 a6 6. h3 e5 7. Nde2 h5 8. Bg5
Be6 9. Bxf6 Qxf6 10. Nd5 Qd8 11. Nec3 Nd7 12. a4 g6 13. Bc4 Bh6 14. O-O O-O 15.
a5 Rc8 16. Qd3 Kg7 17. b4 Qg5 18. Bb3 Rcd8 19. Rad1 Nb8 20. Nb1 Nc6 21. Nd2 h4
22. c3 Rc8 23. Nb6 Rcd8 24. Bxe6 fxe6 25. Ndc4 Qe7 26. Qe2 Na7 27. Rd3 Nb5 28.
Rfd1 Bf4 29. Qb2 Qc7 30. Na3 Na7 31. Nbc4 d5 32. exd5 e4 33. Rd4 exd5 34. Rxd5
Rxd5 35. Rxd5 Bh2+ 36. Kf1 Bg3 37. Rd2 Nb5 38. Nb6 Nxa3 39. Rd7+ Qxd7 40. Nxd7
Rf7 41. c4+ Kh6 42. Qh8+ Kg5 43. Qd8+ Kh6 44. Nf6 e3 45. Ng4+ Kh7 46. Qd3 exf2
47. Qxa3 Rf4 48. Qe3 Rxc4 49. Qe7+ 1-0

[Event "Philadelphia Open 2015"]
[Site "Philadelphia"]
[Date "2015.04.04"]
[Round "7.14"]
[White "Shen, Arthur"]
[Black "Rohde, Michael"]
[Result "1/2-1/2"]
[WhiteElo "2316"]
[BlackElo "2455"]
[PlyCount "85"]
[EventDate "2015.04.??"]
[EventType "swiss"]
[EventRounds "9"]
[EventCountry "USA"]

1. e4 c5 2. Nf3 e6 3. d4 cxd4 4. Nxd4 Nc6 5. Nc3 Qc7 6. Be3 Nf6 7. f4 Bb4 8.
Ndb5 Qa5 9. e5 Nd5 10. Bd2 Nxc3 11. Bxc3 O-O 12. Qd2 f6 13. exf6 Rxf6 14. Be2
a6 15. Nd6 Bxc3 16. bxc3 Ne7 17. O-O Nd5 18. Ne4 Rf8 19. f5 Qb6+ 20. Qd4 Qxd4+
21. cxd4 Ne3 22. fxe6 Rxf1+ 23. Bxf1 dxe6 24. Bd3 Nf5 25. c3 h6 26. a4 b6 27.
Rb1 Rb8 28. Nc5 a5 29. Na6 Rb7 30. Be4 Ra7 31. Nb8 Nd6 32. Bc6 Nc4 33. Kf2 Bb7
34. Ke2 Bxc6 35. Nxc6 Rc7 36. Ne5 Nxe5 37. dxe5 Rc6 38. Kd3 Kf7 39. Kd4 h5 40.
Rf1+ Ke7 41. Rb1 Kf7 42. Rf1+ Ke7 43. Rb1 1/2-1/2

[Event "Philadelphia Open 2015"]
[Site "Philadelphia"]
[Date "2015.04.05"]
[Round "8.1"]
[White "Avrukh, Boris"]
[Black "Quesada Perez, Yuniesky"]
[Result "1/2-1/2"]
[WhiteElo "2610"]
[BlackElo "2629"]
[PlyCount "128"]
[EventDate "2015.04.??"]
[EventType "swiss"]
[EventRounds "9"]
[EventCountry "USA"]
[WhiteClock "0:02:14"]
[BlackClock "0:03:07"]

1. d4 Nf6 2. c4 e6 3. g3 Bb4+ 4. Bd2 Qe7 5. Nf3 Bxd2+ 6. Qxd2 Nc6 7. Nc3 d5 8.
Ne5 dxc4 9. Bg2 Nxe5 10. dxe5 Nd7 11. Qd4 Nb6 12. Rd1 O-O 13. O-O Bd7 14. Bxb7
Rad8 15. Qf4 Bc8 16. Bxc8 Rxc8 17. Rd4 Rfd8 18. Rfd1 h6 19. Qd2 Rxd4 20. Qxd4
Rb8 21. Rd2 Qe8 22. Qc5 Rd8 23. Qb5 Qe7 24. Rxd8+ Qxd8 25. a4 Qg5 26. a5 Nd5
27. Nxd5 exd5 28. Qxd5 Qc1+ 29. Kg2 Qxb2 30. e6 fxe6 31. Qxe6+ Kh8 32. Qxc4 Qe5
33. a6 c5 34. e4 Qc7 35. f4 Qc6 36. h4 Qb6 37. e5 Qb4 38. Qe2 Kg8 39. e6 Qa4
40. f5 Qc6+ 41. Kh2 c4 42. Qg4 Qc5 43. Qf4 c3 44. f6 gxf6 45. Qxf6 Qf8 46. Qxc3
Qf2+ 47. Kh3 Qf5+ 48. Kg2 Qxe6 49. Qd3 h5 50. Qb5 Qe4+ 51. Kf2 Qd4+ 52. Ke2
Qe4+ 53. Kf2 Qd4+ 54. Ke2 Qe4+ 55. Kd2 Qg2+ 56. Qe2 Qxg3 57. Qe6+ Kg7 58. Qe7+
Kg6 59. Qxa7 Qd6+ 60. Kc3 Qc6+ 61. Kb4 Qd6+ 62. Kb5 Qd3+ 63. Kb6 Qd4+ 64. Kb7
Qd7+ 1/2-1/2

[Event "Philadelphia Open 2015"]
[Site "Philadelphia"]
[Date "2015.04.05"]
[Round "8.2"]
[White "Chandra, Akshat"]
[Black "Margvelashvili, Giorgi"]
[Result "1/2-1/2"]
[WhiteElo "2476"]
[BlackElo "2539"]
[PlyCount "20"]
[EventDate "2015.04.??"]
[EventType "swiss"]
[EventRounds "9"]
[EventCountry "USA"]
[WhiteClock "1:27:24"]
[BlackClock "1:59:39"]

1. e4 c6 2. d4 d5 3. e5 Bf5 4. h4 h6 5. g4 Bd7 6. Nc3 e6 7. Be3 Qb6 8. Na4 Qa5+
9. c3 Qc7 10. Nf3 b6 1/2-1/2

[Event "Philadelphia Open 2015"]
[Site "Philadelphia"]
[Date "2015.04.05"]
[Round "8.3"]
[White "Chirila, Ioan Cristian"]
[Black "Xiong, Jeffery"]
[Result "1-0"]
[WhiteElo "2537"]
[BlackElo "2482"]
[PlyCount "87"]
[EventDate "2015.04.??"]
[EventType "swiss"]
[EventRounds "9"]
[EventCountry "USA"]
[WhiteClock "0:15:40"]
[BlackClock "0:43:51"]

1. d4 Nf6 2. c4 e6 3. Nf3 Bb4+ 4. Nbd2 b6 5. a3 Bxd2+ 6. Bxd2 Bb7 7. Bg5 h6 8.
Bh4 d6 9. e3 Nbd7 10. Nd2 Qe7 11. f3 e5 12. Be2 g5 13. Bf2 e4 14. Qc2 O-O-O 15.
d5 Rde8 16. O-O-O Rhg8 17. Nb3 exf3 18. gxf3 g4 19. Nd4 gxf3 20. Bxf3 Ne5 21.
Be2 Neg4 22. Nf5 Qe4 23. Bd3 Qf3 24. Rhf1 Qg2 25. Bh4 Qxc2+ 26. Bxc2 Nd7 27.
Rg1 Ngf6 28. Rxg8 Nxg8 29. Rg1 Kb8 30. Rg7 b5 31. e4 Bc8 32. cxb5 Ngf6 33. Rxf7
Nxe4 34. Nd4 Ng5 35. Bxg5 hxg5 36. Bf5 Nb6 37. Nc6+ Kb7 38. Be6 Rh8 39. Na5+
Kb8 40. Nc6+ Kb7 41. b3 a6 42. bxa6+ Kxa6 43. Rxc7 Bxe6 44. Ra7+ 1-0

[Event "Philadelphia Open 2015"]
[Site "Philadelphia"]
[Date "2015.04.05"]
[Round "8.4"]
[White "Dreev, Aleksey"]
[Black "Bora, Safal"]
[Result "1-0"]
[WhiteElo "2636"]
[BlackElo "2410"]
[PlyCount "109"]
[EventDate "2015.04.??"]
[EventType "swiss"]
[EventRounds "9"]
[EventCountry "USA"]
[WhiteClock "0:28:46"]
[BlackClock "0:34:37"]

1. d4 Nf6 2. c4 g6 3. Nf3 Bg7 4. e3 O-O 5. Be2 c5 6. d5 e6 7. Nc3 exd5 8. cxd5
d6 9. Nd2 b6 10. e4 Na6 11. O-O Nc7 12. a4 a6 13. Nc4 Rb8 14. Bf4 Nfe8 15. e5
dxe5 16. Nxe5 Bb7 17. Qd2 Nf6 18. Nc6 Bxc6 19. dxc6 Qxd2 20. Bxd2 Rbc8 21. Rfd1
Ne6 22. Bxa6 Rxc6 23. Nb5 Rb8 24. Be1 Ne8 25. Bc3 N6c7 26. Nxc7 Rxc7 27. g3 Re7
28. Bc4 Nc7 29. Ra3 Ne6 30. Rb3 Nd4 31. Bxd4 Bxd4 32. a5 b5 33. a6 b4 34. Rf3
Kg7 35. b3 Rbe8 36. g4 f6 37. Kg2 Re5 38. Rd2 R8e7 39. Ra2 Ra7 40. Kf1 Re8 41.
Rf4 Be5 42. Re4 Ree7 43. Rae2 g5 44. Kg2 Kf8 45. h4 h6 46. Rd2 Red7 47. Ree2
gxh4 48. Kh3 Kg7 49. Kxh4 Bb8 50. Rxd7+ Rxd7 51. Re8 Be5 52. Kh5 Kh7 53. Ra8
Bd4 54. a7 Re7 55. Rh8+ 1-0

[Event "Philadelphia Open 2015"]
[Site "Philadelphia"]
[Date "2015.04.05"]
[Round "8.5"]
[White "Ortiz Suarez, Isam Reynaldo"]
[Black "Kannappan, Priyadharshan"]
[Result "0-1"]
[WhiteElo "2612"]
[BlackElo "2456"]
[PlyCount "132"]
[EventDate "2015.04.??"]
[EventType "swiss"]
[EventRounds "9"]
[EventCountry "USA"]

1. e4 e5 2. Nf3 Nc6 3. Bb5 g6 4. d4 exd4 5. Bg5 Be7 6. Bxe7 Qxe7 7. Bxc6 dxc6
8. Qxd4 Nf6 9. O-O O-O 10. e5 Nh5 11. Nc3 Bf5 12. h3 Rfd8 13. Qe3 Bxc2 14. Ne1
Bf5 15. g4 Ng7 16. gxf5 Nxf5 17. Qf4 Rd4 18. Ne4 Qb4 19. f3 Qxb2 20. Ng2 Rd3
21. Rab1 Qd4+ 22. Kh1 b6 23. Ne1 Rd1 24. Rxd1 Qxd1 25. e6 Qd8 26. Qe5 Qe7 27.
Nf6+ Kg7 28. Nd5+ f6 29. Qxf5 cxd5 30. Qxd5 Rd8 31. Qb7 Qxe6 32. Qxc7+ Rd7 33.
Qc2 Qxh3+ 34. Kg1 Qg3+ 35. Ng2 h5 36. Qe4 Rd2 37. Qe7+ Kh6 38. Qe3+ Qg5 39.
Qxg5+ Kxg5 40. f4+ Kg4 41. f5 g5 42. Ne3+ Kg3 43. a4 h4 44. a5 bxa5 45. Ra1 Kf4
46. Ng2+ Kxf5 47. Rxa5+ Ke4 48. Rxa7 h3 49. Re7+ Kf3 50. Re3+ Kg4 51. Ne1 f5
52. Nd3 Rg2+ 53. Kh1 Rg3 54. Nf2+ Kf4 55. Re2 g4 56. Ra2 Rf3 57. Kg1 Kg3 58.
Nh1+ Kh4 59. Ra8 Rb3 60. Ra4 Rb1+ 61. Kh2 Rb2+ 62. Kg1 Rb5 63. Rc4 Kg5 64. Nf2
Rb1+ 65. Kh2 Rb2 66. Kg3 f4+ 0-1

[Event "Philadelphia Open 2015"]
[Site "Philadelphia"]
[Date "2015.04.05"]
[Round "8.6"]
[White "Shetty, Atulya"]
[Black "Ghaem Maghami, Ehsan"]
[Result "0-1"]
[WhiteElo "2342"]
[BlackElo "2562"]
[PlyCount "72"]
[EventDate "2015.04.??"]
[EventType "swiss"]
[EventRounds "9"]
[EventCountry "USA"]

1. c4 e5 2. g3 Nf6 3. Bg2 Nc6 4. Nc3 Bc5 5. Nf3 d6 6. d3 h6 7. O-O O-O 8. a3 a6
9. b4 Ba7 10. Bb2 Be6 11. Rc1 Re8 12. e3 Qd7 13. Qb3 Ne7 14. d4 exd4 15. exd4
c6 16. Ne2 Ng6 17. Qd1 Bg4 18. Qd3 Bf5 19. Qd1 Bg4 20. Qd3 Bf5 21. Qd1 d5 22.
Ne5 Nxe5 23. dxe5 dxc4 24. Rxc4 Rad8 25. Qc1 Ng4 26. Qf4 Nxe5 27. Bxe5 g5 28.
Qf3 Rxe5 29. Nc1 Qe6 30. Qc3 Qd6 31. h4 Be6 32. hxg5 Bxc4 33. Qxc4 hxg5 34. Qg4
Qe6 35. Qh5 Kg7 36. a4 g4 0-1

[Event "Philadelphia Open 2015"]
[Site "Philadelphia"]
[Date "2015.04.05"]
[Round "8.7"]
[White "Homa, Seth"]
[Black "Zierk, Steven"]
[Result "0-1"]
[WhiteElo "2367"]
[BlackElo "2485"]
[PlyCount "94"]
[EventDate "2015.04.??"]
[EventType "swiss"]
[EventRounds "9"]
[EventCountry "USA"]

1. e4 e6 2. d4 d5 3. Nc3 Bb4 4. e5 c5 5. a3 Bxc3+ 6. bxc3 Qa5 7. Bd2 Qa4 8. Qg4
Kf8 9. Qd1 b6 10. dxc5 bxc5 11. Nf3 Ne7 12. Rb1 Ba6 13. Bxa6 Qxa6 14. Qe2 Qc6
15. Qb5 Nd7 16. O-O h6 17. Be3 Ke8 18. Nd2 Kd8 19. f4 Qxb5 20. Rxb5 Kc7 21.
Rfb1 Rhb8 22. c4 Rxb5 23. Rxb5 Kc6 24. Bf2 g5 25. fxg5 hxg5 26. Ra5 a6 27.
cxd5+ exd5 28. Nb3 d4 29. c3 Kd5 30. Nxc5 Nc6 31. Nxd7+ Nxa5 32. Nb6+ Ke4 33.
cxd4 Rd8 34. Na4 Nb3 35. h3 Rc8 36. Nc5+ Nxc5 37. dxc5 Rb8 38. h4 gxh4 39. Bxh4
Rb1+ 40. Kh2 Kxe5 41. c6 Kd6 42. c7 Kxc7 43. Be7 a5 44. g3 Kd7 45. Bc5 Rc1 46.
Bb6 a4 47. Ba5 Rb1 0-1

[Event "Philadelphia Open 2015"]
[Site "Philadelphia"]
[Date "2015.04.05"]
[Round "8.8"]
[White "Tang, Andrew"]
[Black "Smith, Bryan"]
[Result "1-0"]
[WhiteElo "2326"]
[BlackElo "2482"]
[PlyCount "81"]
[EventDate "2015.04.??"]
[EventType "swiss"]
[EventRounds "9"]
[EventCountry "USA"]

1. d4 Nf6 2. c4 e6 3. Nc3 Bb4 4. Qc2 b6 5. Nf3 Bb7 6. g3 Be4 7. Qa4 Nc6 8. Be3
a6 9. Bg2 b5 10. cxb5 axb5 11. Qxb5 Nd5 12. Bd2 Ra5 13. Qc4 Nb6 14. Qb3 Bxf3
15. exf3 Nxd4 16. Qd1 Nc4 17. Bc1 Re5+ 18. Kf1 Bxc3 19. bxc3 Nf5 20. Qb3 Rc5
21. Qb4 d6 22. f4 O-O 23. Bf3 Qf6 24. Kg2 Qg6 25. h4 e5 26. fxe5 Nxe5 27. Be2
Nxg3 28. fxg3 Rc4 29. Qb1 Re4 30. Qc2 Re8 31. h5 Qf5 32. Rf1 Nf3 33. Bxf3 Re2+
34. Qxe2 Rxe2+ 35. Bxe2 Qc2 36. Rf2 Qxc3 37. Rb1 f6 38. Bf3 c6 39. Bf4 d5 40.
Rb8+ Kf7 41. Re2 1-0

[Event "Philadelphia Open 2015"]
[Site "Philadelphia"]
[Date "2015.04.05"]
[Round "8.9"]
[White "Li, Ruifeng"]
[Black "Sorkin, Igor"]
[Result "0-1"]
[WhiteElo "2426"]
[BlackElo "2325"]
[PlyCount "150"]
[EventDate "2015.04.??"]
[EventType "swiss"]
[EventRounds "9"]
[EventCountry "USA"]

1. e4 c5 2. Ne2 d6 3. Nbc3 g6 4. g3 Bg7 5. Bg2 Nc6 6. d3 Rb8 7. Be3 Nf6 8. h3
b5 9. Qd2 b4 10. Nd1 a5 11. O-O Nd7 12. Bh6 O-O 13. Bxg7 Kxg7 14. f4 Nd4 15.
Nc1 a4 16. c3 bxc3 17. bxc3 Qa5 18. Rf2 Nb5 19. Ne2 Ba6 20. Ne3 Nc7 21. f5 Ne5
22. Nf4 a3 23. f6+ exf6 24. Nh5+ Kh8 25. Nxf6 Rb2 26. Nc2 Kg7 27. Qg5 Ne6 28.
Qh4 h6 29. Nd5 Bxd3 30. Qf6+ Kh7 31. Nce3 Qd8 32. Rd1 Qxf6 33. Nxf6+ Kg7 34.
Nd7 Rd8 35. Nxe5 dxe5 36. Rfd2 Rxd2 37. Rxd2 Bb1 38. Rxd8 Nxd8 39. Nc4 Bxa2 40.
Nxa3 Nb7 41. Nb5 Bc4 42. Na3 Bd3 43. Kf2 Nd6 44. Ke3 c4 45. Bf3 Kf6 46. h4 Ke7
47. Bd1 Bxe4 48. Nxc4 Nxc4+ 49. Kxe4 f5+ 50. Kf3 Nd2+ 51. Kg2 Kd6 52. Bc2 e4
53. Kf2 Ke5 54. Ke2 Nc4 55. Bb3 Nd6 56. Ke3 g5 57. hxg5 hxg5 58. Kf2 Nb5 59. c4
Nd4 60. Bd1 Ne6 61. Bh5 Nc5 62. Bg6 f4 63. gxf4+ gxf4 64. Ke2 Kd4 65. Kf2 Nd3+
66. Kf1 Ne5 67. Bh5 Nxc4 68. Ke2 Ne5 69. Kf2 Kd3 70. Ke1 Ke3 71. Be8 Nd3+ 72.
Kd1 f3 73. Bd7 f2 74. Bh3 Nf4 75. Bf1 Nh5 0-1

[Event "Philadelphia Open 2015"]
[Site "Philadelphia"]
[Date "2015.04.05"]
[Round "8.10"]
[White "Mulyar, Michael A"]
[Black "Rosen, Eric"]
[Result "0-1"]
[WhiteElo "2412"]
[BlackElo "2322"]
[PlyCount "96"]
[EventDate "2015.04.??"]
[EventType "swiss"]
[EventRounds "9"]
[EventCountry "USA"]

1. d4 g6 2. c4 c5 3. Nf3 Bg7 4. d5 f5 5. g3 Nf6 6. Bg2 d6 7. O-O Na6 8. Nc3 O-O
9. e4 fxe4 10. Ng5 Nc7 11. Ncxe4 Nxe4 12. Bxe4 Bf5 13. Qe2 Qd7 14. Bxf5 Rxf5
15. Re1 Re5 16. Be3 e6 17. Qg4 Rd8 18. Qh3 Bf6 19. Nf3 exd5 20. Qxd7 Rxd7 21.
Nxe5 Bxe5 22. Bxc5 dxc4 23. Re2 b6 24. Be3 Bf6 25. Rd1 d5 26. Bd4 Kf7 27. Bxf6
Kxf6 28. Red2 Ke5 29. f4+ Kd6 30. g4 Rf7 31. Rd4 b5 32. Kg2 Kc5 33. Kg3 b4 34.
h4 h5 35. R4d2 hxg4 36. Kxg4 Rf5 37. Re2 c3 38. a3 a5 39. axb4+ axb4 40. bxc3
bxc3 41. Re7 Nb5 42. Re5 Rxe5 43. fxe5 d4 44. Kf3 c2 45. Re1 Kc4 46. e6 d3 47.
e7 Nd6 48. Ke3 Kc3 0-1

[Event "Philadelphia Open 2015"]
[Site "Philadelphia"]
[Date "2015.04.05"]
[Round "8.11"]
[White "Sarkar, Justin"]
[Black "Wu, Christopher"]
[Result "1-0"]
[WhiteElo "2393"]
[BlackElo "2259"]
[PlyCount "165"]
[EventDate "2015.04.??"]
[EventType "swiss"]
[EventRounds "9"]
[EventCountry "USA"]

1. d4 Nf6 2. c4 g6 3. Nc3 Bg7 4. e4 d6 5. Be2 O-O 6. Nf3 e5 7. O-O Nbd7 8. Be3
Qe7 9. Qc2 c6 10. d5 c5 11. Bg5 h6 12. Bd2 Ne8 13. g3 Nb6 14. Nh4 Kh7 15. Bd3
Bf6 16. Ng2 Bh3 17. f3 Kg7 18. Nd1 h5 19. Nf2 Bxg2 20. Kxg2 Bg5 21. f4 Bf6 22.
f5 Bg5 23. Nh3 Bxd2 24. Qxd2 Nd7 25. Ng5 Nc7 26. h4 Nf6 27. Rf3 b6 28. Raf1
Rab8 29. Bc2 Rbd8 30. Ba4 Rb8 31. Bc6 Rbd8 32. Ra3 a6 33. b4 Rb8 34. Rb3 b5 35.
bxc5 bxc4 36. Rb6 c3 37. Qxc3 dxc5 38. Qb2 Rxb6 39. Qxb6 gxf5 40. Rxf5 Ng4 41.
Rf3 Qd6 42. a4 Kg8 43. a5 f6 44. Bb7 Rd8 45. Qxd6 Rxd6 46. Nh3 Nb5 47. Nf2 c4
48. Nxg4 hxg4 49. Rf1 c3 50. Rc1 f5 51. exf5 Kf7 52. Bc8 Kf6 53. Be6 e4 54. Kf2
Ke5 55. h5 Rd8 56. Ke3 Rh8 57. f6 Kxf6 58. Bxg4 Ke5 59. Be2 Kxd5 60. g4 Rg8 61.
h6 Ke5 62. Bxb5 axb5 63. Rxc3 b4 64. Rc5+ Kd6 65. Rh5 b3 66. h7 Rh8 67. Kxe4 b2
68. Rb5 Rxh7 69. Rxb2 Ra7 70. Ra2 Ke6 71. a6 Kf6 72. Kf4 Kg6 73. Ra5 Kf6 74.
g5+ Kg6 75. Kg4 Kg7 76. Kh5 Kh7 77. g6+ Kg7 78. Kg5 Kg8 79. Kf6 Kf8 80. Ra4 Kg8
81. Ke5 Kg7 82. Kd6 Kxg6 83. Kc6 1-0

[Event "Philadelphia Open 2015"]
[Site "Philadelphia"]
[Date "2015.04.05"]
[Round "8.12"]
[White "Katz, Alexander"]
[Black "Pourkashiyan, Atousa"]
[Result "1/2-1/2"]
[WhiteElo "2265"]
[BlackElo "2347"]
[PlyCount "92"]
[EventDate "2015.04.??"]
[EventType "swiss"]
[EventRounds "9"]
[EventCountry "USA"]

1. e4 d6 2. d4 Nf6 3. Nc3 g6 4. h3 Bg7 5. g4 e5 6. dxe5 dxe5 7. Qxd8+ Kxd8 8.
Nf3 Ne8 9. Ng5 Nd6 10. Nb5 Nxb5 11. Bxb5 Ke7 12. b3 b6 13. Ba3+ c5 14. b4 f6
15. Bc4 Na6 16. bxc5 Nxc5 17. Bd5 Rb8 18. Rb1 Bd7 19. Nf3 Rbc8 20. Ke2 Rhd8 21.
c4 Ba4 22. Ne1 Ke8 23. Nd3 Bf8 24. Nxc5 Bxc5 25. Bxc5 Rxc5 26. Rhf1 Bc6 27.
Rfd1 Ke7 28. Rd2 Rc8 29. Rbd1 Ba4 30. Rb1 Ra5 31. Ke3 Bc6 32. Rbd1 Bxd5 33.
Rxd5 Ra3+ 34. R1d3 Rxd3+ 35. Kxd3 Ke6 36. Kc3 Rc7 37. Kb4 f5 38. f3 fxg4 39.
fxg4 Rf7 40. Rd8 Rf3 41. Ra8 Rf7 42. g5 Kd6 43. a4 Kc6 44. Rc8+ Kd7 45. Ra8 Kc6
46. Rc8+ Kd7 1/2-1/2